000 00736nam a2200229Ia 4500
005 20251208090124.0
008 210716s2011 xx 000 0 und d
020 _a9788131715123
040 _cAIMIT LIBRARY
041 _aeng
082 _a005.762
_21
_bROIR
100 _aRoiger, Richard J.
_947068
245 _aData mining :
_btutorial based primer /
_cBy Richard J Roiger and Michael W Geatz.
250 _a1st ed.
260 _aNew Delhi :
_bPearson ,
_c2011.
300 _a374, I-13p. ;
_c23.5 cm.
_bPB
650 _aData mining: a closer look
_947069
650 _aAn excel- based data mining tool
_947070
650 _aNeural networks
_947071
700 _aGeatz, Michael W.
_947072
942 _2ddc
_cBK
_e1st
_k005.762 ROIR
999 _c193394
_d193394